| 000 | 00404nam a22001697a 4500 | ||
|---|---|---|---|
| 003 | OSt | ||
| 008 | 231016b |||||||| |||| 00| 0 eng d | ||
| 020 | _a9781789804027 | ||
| 082 | _a005.8 PAA | ||
| 100 | _aPARISI,Alessandro | ||
| 245 | _aHands on Artificial Intelligence for Cybersecurity | ||
| 250 | _aEd 1st | ||
| 260 |
_aMumbai _bPackt _c2019 |
||
| 300 | _a327 | ||
| 650 | _aIT | ||
| 942 |
_2ddc _cREF |
||
| 999 |
_c12106 _d12106 |
||